书目信息 |
| 题名: |
社会排斥与体面劳动问题研究
|
|
| 作者: | 丁开杰 著 | |
| 分册: | ||
| 出版信息: | 北京 中国社会出版社 2012 |
|
| 页数: | 212页 | |
| 开本: | 23cm | |
| 丛书名: | 社会学论丛 | |
| 单 册: | ||
| 中图分类: | F249.212.3 | |
| 科图分类: | ||
| 主题词: | 劳动力市场--研究--中国 , 劳动力市场 | |
| 电子资源: | ||
| ISBN: | 978-7-5087-3772-0 | |
| 000 | 00900nam0 22002651 450 | |
| 001 | 523 | |
| 005 | 20140908164747.12 | |
| 010 | @a978-7-5087-3772-0@dCNY28.00 | |
| 100 | @a20120203d2012 em y0chiy50 ea | |
| 101 | 0 | @achi |
| 102 | @aCN@b110000 | |
| 105 | @ay z 000yy | |
| 106 | @ar | |
| 200 | 1 | @a社会排斥与体面劳动问题研究@AShe Hui Pai Chi Yu Ti Mian Lao Dong Wen Ti Yan Jiu@f丁开杰著@FDing Kai Jie Zhu |
| 210 | @a北京@c中国社会出版社@d2012 | |
| 215 | @a212页@d23cm | |
| 225 | 2 | @a社会学论丛 |
| 330 | @a本书力图从理论上揭示“社会排斥”的本质,并探索失业、非体面劳动与社会排斥之间的内在联系。作者对理论的探讨,涉猎广泛,追根溯源,信息量极为丰富。 | |
| 461 | 0 | @12001 @a社会学论丛 |
| 606 | 0 | @a劳动力市场@x研究@y中国 |
| 606 | 0 | @a劳动力市场 |
| 690 | @aF249.212.3@v5 | |
| 701 | 0 | @a丁开杰@ADing Kai Jie@4著 |
| 801 | 0 | @aCN@bTANGWEI@c20140603 |
| 905 | @b0836943-45@dF249.212.3@e120@f3 | |
| 社会排斥与体面劳动问题研究/丁开杰著.-北京:中国社会出版社,2012 |
| 212页;23cm.-(社会学论丛) |
| ISBN 978-7-5087-3772-0:CNY28.00 |
| 本书力图从理论上揭示“社会排斥”的本质,并探索失业、非体面劳动与社会排斥之间的内在联系。作者对理论的探讨,涉猎广泛,追根溯源,信息量极为丰富。 |
| ● |
| 相关链接 |
|
|
|
|
正题名:社会排斥与体面劳动问题研究
索取号:F249.212.3/120
 
预约/预借
| 序号 | 登录号 | 条形码 | 馆藏地/架位号 | 状态 | 备注 |
| 1 | 0836943 | 208369433 | 第一样本阅览室/ [索取号:F249.212.3/120] | 在馆 | |
| 2 | 0836944 | 208369442 | 第一借阅区/ [索取号:F249.212.3/120] | 在馆 | |
| 3 | 0836945 | 208369451 | 第一借阅区/ [索取号:F249.212.3/120] | 在馆 |